Stolice Państw Ameryki Południowej - Statystyki

Ogólne statystyki
  • Ten quiz został rozwiązany 42 razy
  • Średni wynik to 9 z 13
Statystyki odpowiedzi
Państwo Stolica % Poprawnych
Argentyna Buenos Aires
100%
Brazylia Brasilia
92%
Urugwaj Montevideo
92%
Kolumbia Bogota
88%
Wenezuela Caracas
75%
Peru Lima
75%
Ekwador Quito
71%
Chile Santiago
71%
Paragwaj Asuncion
54%
Gujana Georgetown
54%
Surinam Paramaribo
50%
Boliwia Sucre
46%
Trynidad i Tobago Port-of-Spain
42%
Nie znaleziono quizów pasujących do podanych kryteriów
Rozkład punktacji
Procent ludzi z każdym wynikiem
Percentyl według liczby udzielonych odpowiedzi
Twoja historia wyników
Nie rozwiązałeś tego quizu